[Event "Lumpy Custard Blitz Mayhem #2"]
[Site "SchemingMind.com"]
[Date "2020.07.11"]
[Round "-"]
[White "David Carter"]
[Black "Raymond de Kemp"]
[Result "1-0"]
[WhiteCountry "USA"]
[BlackCountry "NED"]
[WhiteElo "2163"]
[WhiteRD "89"]
[BlackElo "1846"]
[BlackRD "71"]
[GameID "457520"]

1. d4 f5 2. e4 fxe4 3. Nc3 Nf6 4. Bg5 Nc6 5. d5 Ne5 6. Qe2 Nf7 7. h4 c6 8. O-O-O Nd6 9. f3 exf3 10. Nxf3 e6
11. dxe6 dxe6 12. Ne4 Be7 13. Nxd6+ Bxd6 14. Ne5 Qc7 15. Bxf6
1-0

[Event "Lumpy Custard Blitz Mayhem #2"]
[Site "SchemingMind.com"]
[Date "2020.07.11"]
[Round "-"]
[White "Raymond de Kemp"]
[Black "David Carter"]
[Result "0-1"]
[WhiteCountry "NED"]
[BlackCountry "USA"]
[WhiteElo "1822"]
[WhiteRD "63"]
[BlackElo "1998"]
[BlackRD "78"]
[GameID "457521"]

1. d4 d5 2. Bf4 Nf6 3. e3 e6 4. Nf3 Be7 5. Bd3 c5 6. dxc5 Bxc5 7. c3 Nc6 8. Nbd2 O-O 9. h4 Bd6 10. Bxd6 Qxd6
11. Qc2 e5 12. O-O-O e4 13. Nxe4 dxe4 14. Bxe4 Qe7 15. Bd3 Bg4 16. Rdg1 Rac8 17. a3 Ne5 18. Nxe5 Qxe5 19. Re1 Rfd8 20. f3 Be6
21. g4 Qd5 22. Be2 Qa2 23. Qb1 Rxc3+ 24. bxc3 Qd2#
0-1

[Event "Lumpy Custard Blitz Mayhem #2"]
[Site "SchemingMind.com"]
[Date "2020.07.06"]
[Round "-"]
[White "David Carter"]
[Black "Arnold Jones"]
[Result "1-0"]
[WhiteCountry "USA"]
[BlackCountry "ENG"]
[WhiteElo "2163"]
[WhiteRD "89"]
[BlackElo "1677"]
[BlackRD "66"]
[GameID "457522"]

1. d4 e6 2. e4 d5 3. Nc3 Bb4 4. exd5 Qxd5 5. Nf3 Qe4+ 6. Be2 Qd5 7. O-O Bxc3 8. bxc3 b5 9. Ne5 c6 10. a4 a6
11. axb5 Bb7 12. c4 Qd8 13. Bf3 Ne7 14. bxc6 Bxc6 15. Ba3 Bxf3 16. Qxf3 O-O 17. Bxe7 Qxe7 18. Qxa8 f6 19. Nf3 Qc7 20. Rfb1 Nd7
21. Qxa6 Kf7 22. Rb7 Qc8 23. Qb5 Rd8 24. Raa7 Ke8 25. c5 Kf8 26. Rxd7 Rxd7 27. Qxd7 Qxd7 28. Rxd7 Kg8 29. c6
1-0

[Event "Lumpy Custard Blitz Mayhem #2"]
[Site "SchemingMind.com"]
[Date "2020.07.06"]
[Round "-"]
[White "Arnold Jones"]
[Black "David Carter"]
[Result "0-1"]
[WhiteCountry "ENG"]
[BlackCountry "USA"]
[WhiteElo "1677"]
[WhiteRD "66"]
[BlackElo "2163"]
[BlackRD "89"]
[GameID "457523"]

1. Nf3 d5 2. d4 Nf6 3. h3 c5 4. c4 cxd4 5. c5 Qa5+ 6. Bd2 Qxc5 7. b4 Qb6 8. Qa4+ Bd7 9. Qa5 Qxa5 10. bxa5 Nc6
11. a3 e5 12. e3 dxe3 13. fxe3 Bd6 14. Bb5 e4 15. Nd4 Nxd4 16. Bxd7+ Kxd7 17. exd4 Bg3+ 18. Ke2 Rac8 19. Ke3 Rc6 20. Bb4 Rhc8
21. Bc5 b6 22. axb6 axb6 23. Bb4 Nh5 24. Nc3 Rxc3+ 25. Bxc3 Rxc3+ 26. Kd2 Rc4 27. Ke2 Nf4+ 28. Kf1 Rc2 29. Kg1 Rxg2+ 30. Kf1 Rf2+
0-1

[Event "Lumpy Custard Blitz Mayhem #2"]
[Site "SchemingMind.com"]
[Date "2020.07.06"]
[Round "-"]
[White "David Carter"]
[Black "John Waterfield"]
[Result "1-0"]
[WhiteCountry "USA"]
[BlackCountry "WLS"]
[WhiteElo "2163"]
[WhiteRD "89"]
[BlackElo "1948"]
[BlackRD "69"]
[GameID "457524"]

1. d4 Nf6 2. c4 g6 3. Nc3 Bg7 4. e4 d6 5. Be2 O-O 6. Nf3 e5 7. d5 Na6 8. O-O Nc5 9. Qc2 a5 10. Bg5 h6
11. Be3 b6 12. Nd2 Ne8 13. b3 f5 14. f3 f4 15. Bf2 h5 16. a3 g5 17. b4 Nb7 18. c5 bxc5 19. bxc5 Qf6 20. Rfb1 Qg6
21. c6 Nc5 22. Bxc5 dxc5 23. Na4 g4 24. Nxc5 gxf3 25. Nxf3 Bf6 26. Nd7 Bxd7 27. cxd7 Nd6 28. Qxc7 Qxe4 29. Qxd6 Qxe2 30. Qe6+ Kh7
31. Re1 Qb2 32. Rab1 Qxa3 33. d8=Q Raxd8 34. Rb7+ Kh8 35. Nxe5 Qc5+ 36. Kh1 Qc2 37. Nf7+
1-0

[Event "Lumpy Custard Blitz Mayhem #2"]
[Site "SchemingMind.com"]
[Date "2020.07.06"]
[Round "-"]
[White "John Waterfield"]
[Black "David Carter"]
[Result "1-0"]
[WhiteCountry "WLS"]
[BlackCountry "USA"]
[WhiteElo "1948"]
[WhiteRD "69"]
[BlackElo "2163"]
[BlackRD "89"]
[GameID "457525"]

1. e4 e5 2. f4 exf4 3. Nf3 g5 4. Nc3 Bg7 5. d4 d6 6. g3 g4 7. Nh4 f3 8. Be3 Nc6 9. Qd2 Nge7 10. O-O-O d5
11. Bb5 a6 12. Bxc6+ bxc6 13. Bh6 O-O 14. h3 Qd6 15. Bxg7 Kxg7 16. hxg4
1-0

[Event "Lumpy Custard Blitz Mayhem #2"]
[Site "SchemingMind.com"]
[Date "2020.07.07"]
[Round "-"]
[White "kenneth m day"]
[Black "Raymond de Kemp"]
[Result "1-0"]
[WhiteCountry "USA"]
[BlackCountry "NED"]
[WhiteElo "1708"]
[WhiteRD "49"]
[BlackElo "1822"]
[BlackRD "63"]
[GameID "457526"]

1. e4 c5 2. d4 cxd4 3. c3 dxc3 4. Nxc3 Nc6 5. Nf3 e6 6. Bc4 a6 7. O-O b5 8. Bb3 Bb7 9. Re1 Nge7 10. Bf4 Ng6
11. Bg3 e5 12. Nd5 d6 13. Rc1 Rc8 14. Qd2 Na5 15. Rxc8 Qxc8 16. Qxa5 Bxd5 17. Bxd5 Be7 18. Qc3 Qxc3 19. bxc3 O-O 20. Nd2 Rc8
21. Nb1 h5 22. f3 h4 23. Bf2 Nf4 24. Bb7 Rc7 25. Bxa6 Nd3 26. Re2 Nxf2 27. Kxf2 Rc5 28. Rc2 b4 29. c4 Bd8 30. Rb2 Bb6
31. Ke2 Ba5 32. Nd2 Rc7 33. Bb5 g5 34. Nb3 Bb6 35. Nc1 Bc5 36. Nd3
1-0

[Event "Lumpy Custard Blitz Mayhem #2"]
[Site "SchemingMind.com"]
[Date "2020.07.07"]
[Round "-"]
[White "Raymond de Kemp"]
[Black "kenneth m day"]
[Result "1-0"]
[WhiteCountry "NED"]
[BlackCountry "USA"]
[WhiteElo "1822"]
[WhiteRD "63"]
[BlackElo "1708"]
[BlackRD "49"]
[GameID "457527"]

1. d4 Nf6 2. Nf3 e6 3. Bf4 b6 4. e3 Bb7 5. Bd3 Be7 6. Nbd2 d6 7. Qe2 Nbd7 8. h4 Nh5 9. Bh2 Nhf6 10. O-O-O Nd5
11. Be4 c5 12. Ng5 N7f6 13. Bf3 h6 14. Nh3 Qc7 15. g4 O-O-O 16. g5 hxg5 17. Nxg5 Rdf8 18. Bg3 cxd4 19. exd4 Nh7 20. Nxe6 fxe6
21. Qxe6+ Kb8 22. Bxd5 Bxd5 23. Qxd5 Nf6 24. Qc4 Qd7 25. Rhe1 Rc8 26. Qb3 Rh5 27. a4 Rd5 28. Nc4 Qc7 29. Ne3 Ra5 30. Rd3 Ne4
31. Nd5 Rxd5 32. Rxe4 Rf5 33. Rc3 Qd7 34. Rxc8+ Kxc8 35. d5 Kd8 36. c4 Rf8 37. a5 Re8 38. Kb1 Qf5 39. Qc2 Qf3 40. Re3 Qg4
41. Qa4 Qf5+ 42. Ka2 Qc8 43. Bxd6 Qd7 44. Qxd7+ Kxd7 45. Rxe7+ Rxe7 46. Bxe7 Kxe7 47. axb6 axb6 48. b4 Kf6 49. Ka3 Ke5 50. Ka4 Kd6
51. Kb5 Kc7 52. c5 bxc5 53. bxc5
1-0

[Event "Lumpy Custard Blitz Mayhem #2"]
[Site "SchemingMind.com"]
[Date "2020.07.06"]
[Round "-"]
[White "kenneth m day"]
[Black "Arnold Jones"]
[Result "1-0"]
[WhiteCountry "USA"]
[BlackCountry "ENG"]
[WhiteElo "1708"]
[WhiteRD "49"]
[BlackElo "1637"]
[BlackRD "61"]
[GameID "457528"]

1. e4 Nf6 2. e5 Ng8 3. d4 d5 4. c4 e6 5. Nf3 c5 6. Be3 Qa5+ 7. Nc3 cxd4 8. Bxd4 Bb4 9. a3 Bxc3+ 10. Bxc3 Qd8
11. Be2 Ne7 12. O-O Qc7 13. cxd5 Nxd5 14. Bd4 O-O 15. Rc1 Nc6 16. Re1 Rd8 17. Bd3 Qa5 18. Bc5 Nf4 19. Re3 Nxd3 20. Rxd3 Rd5
21. Rxd5 exd5 22. Qxd5 Be6 23. Qd1 Bg4 24. h3 Bxf3 25. Qxf3 Nd8 26. Qc3 Qc7 27. Bd6 Qc6 28. Qe3 Qa4 29. b3 Qa6 30. Rc7 Ne6
31. Re7 Qc6 32. Qd2 Re8 33. Rxe8+ Qxe8 34. Qd5 Nd8 35. f4 Qc6 36. Qxc6 Nxc6 37. Kf2 f6 38. g3 Kf7 39. Ke3 Na5 40. Bb8 Nxb3
41. Bxa7 b5 42. Ke4 Nd2+ 43. Kd5 Nb1 44. e6+ Ke8 45. Bc5 Nc3+ 46. Kc6 Ne4 47. g4 Nc3 48. Bb4 Na2 49. Kxb5 Nxb4 50. axb4 Ke7
51. Kc6 Kxe6 52. b5
1-0

[Event "Lumpy Custard Blitz Mayhem #2"]
[Site "SchemingMind.com"]
[Date "2020.07.06"]
[Round "-"]
[White "Arnold Jones"]
[Black "kenneth m day"]
[Result "0-1"]
[WhiteCountry "ENG"]
[BlackCountry "USA"]
[WhiteElo "1677"]
[WhiteRD "66"]
[BlackElo "1729"]
[BlackRD "50"]
[GameID "457529"]

1. d4 Nf6 2. Nf3 d5 3. Nc3 g6 4. Bg5 Bg7 5. Ne5 c6 6. Qd2 O-O 7. f3 Nbd7 8. Nd3 Re8 9. Nf2 e5 10. Bh6 exd4
11. Ncd1 c5 12. g4 Ne5 13. Bg2 Nc4 14. Qg5 Qe7 15. Bf1 Bd7 16. h4 Ne3 17. Nxe3 Qxe3 18. f4 Bxh6 19. Qxh6 Bb5 20. Nd3 Ne4
21. Rd1 Qg3+ 22. Nf2 Qxf2#
0-1

[Event "Lumpy Custard Blitz Mayhem #2"]
[Site "SchemingMind.com"]
[Date "2020.07.06"]
[Round "-"]
[White "kenneth m day"]
[Black "John Waterfield"]
[Result "0-1"]
[WhiteCountry "USA"]
[BlackCountry "WLS"]
[WhiteElo "1708"]
[WhiteRD "49"]
[BlackElo "1954"]
[BlackRD "68"]
[GameID "457530"]

1. e4 g6 2. d4 Bg7 3. Nc3 c5 4. Nf3 cxd4 5. Nxd4 Nc6 6. Be3 Nf6 7. f3 O-O 8. Qd2 d5 9. O-O-O Nxd4 10. Bxd4 dxe4
11. fxe4 Be6 12. Kb1 a6 13. Be2 Qc7 14. h3 Rfd8 15. Qe3 Nd7 16. Nd5 Bxd5 17. exd5 Bxd4 18. Rxd4 Rac8 19. Bd3 Qe5 20. Re1 Qxe3
21. Rxe3 Kf8 22. Rde4 Nf6 23. Rd4 Nxd5 24. Re1 e6 25. Kc1 Ne7 26. Rxd8+ Rxd8 27. Re4 Nc6 28. a3 Rd5 29. Be2 Re5 30. Bf3 Rxe4
31. Bxe4 Ke7 32. Kd2 Kd6 33. Kd3 f5 34. Bf3 e5 35. Be2 a5 36. c3 h6 37. Kc4 e4 38. Kb5 f4 39. Kc4 f3 40. gxf3 exf3
41. Bd1 f2 42. Be2 Ke5 43. Kd3 Kf4 44. Bf1 Kf3 45. Kd2 a4 46. Be2+ Kg2
0-1

[Event "Lumpy Custard Blitz Mayhem #2"]
[Site "SchemingMind.com"]
[Date "2020.07.06"]
[Round "-"]
[White "John Waterfield"]
[Black "kenneth m day"]
[Result "1-0"]
[WhiteCountry "WLS"]
[BlackCountry "USA"]
[WhiteElo "1954"]
[WhiteRD "68"]
[BlackElo "1708"]
[BlackRD "49"]
[GameID "457531"]

1. e4 e5 2. f4 exf4 3. Nf3 d6 4. Nc3 Nc6 5. d4 g5 6. d5 Ne5 7. Bb5+ Bd7 8. Bxd7+ Nxd7 9. h4 g4 10. Nd4 Qf6
11. Ncb5 Kd8 12. Nf5 Nh6 13. Bxf4 Nxf5 14. Bg5 Qxg5 15. hxg5 Ng3 16. Rh4 Ne5 17. Qd4 Be7 18. Rxg4 Nh5 19. Rh4 Ng7 20. Qd2 a6
21. Nd4 Nc4 22. Qc1 h6 23. Rxh6 Rg8 24. b3 Ne8 25. Nf3 Ne5 26. Nxe5 dxe5 27. g6 fxg6 28. Qe3 Nf6 29. Qh3 Ne8 30. Qe6 Rg7
31. Rxg6 Rh7 32. O-O-O Bd6 33. Rf1 Re7 34. Qh3 a5 35. Rf8 Ra6 36. Rgg8 Ba3+ 37. Kd1 Bd6 38. Qh5 c6 39. Rxe8+ Rxe8 40. Qxe8+
1-0

[Event "Lumpy Custard Blitz Mayhem #2"]
[Site "SchemingMind.com"]
[Date "2020.07.08"]
[Round "-"]
[White "Raymond de Kemp"]
[Black "Arnold Jones"]
[Result "1-0"]
[WhiteCountry "NED"]
[BlackCountry "ENG"]
[WhiteElo "1822"]
[WhiteRD "63"]
[BlackElo "1637"]
[BlackRD "61"]
[GameID "457532"]

1. d4 d5 2. Bf4 Bg4 3. h3 Bh5 4. c4 Nf6 5. Qb3 b6 6. Nc3 c6 7. e3 e6 8. Bd3 a5 9. a3 Be7 10. Nge2 Bxe2
11. Nxe2 a4 12. Qc2 Nbd7 13. g4 h6 14. cxd5 cxd5 15. Nc3 g5 16. Bg3 Qc8 17. Nxa4 Qxc2 18. Bxc2 O-O 19. h4 Nxg4 20. Ke2 Rfc8
21. Nc3 h5 22. hxg5 Bxg5 23. Rxh5 f6 24. Rah1 Nh6 25. Rxh6 Bxh6 26. Rxh6 Kg7 27. Rh7+ Kf8 28. Rxd7 Rxc3 29. bxc3
1-0

[Event "Lumpy Custard Blitz Mayhem #2"]
[Site "SchemingMind.com"]
[Date "2020.07.11"]
[Round "-"]
[White "Arnold Jones"]
[Black "Raymond de Kemp"]
[Result "0-1"]
[WhiteCountry "ENG"]
[BlackCountry "NED"]
[WhiteElo "1637"]
[WhiteRD "61"]
[BlackElo "1822"]
[BlackRD "63"]
[GameID "457533"]

1. d4 f5 2. c4 Nf6 3. Nc3 d6 4. Bg5 Nbd7 5. Nf3 g6 6. c5 Bg7 7. cxd6 cxd6 8. e3 O-O 9. Bc4+ Kh8 10. Bxf6 Bxf6
11. O-O e5 12. Nd5 Bg7 13. Qc2 a6 14. Bb3 Nf6 15. Nc7 Rb8 16. Ng5 Qe7 17. Nd5 Nxd5 18. h4 Nb4 19. Qd2 Nc6 20. d5 Nd8
21. f4 h6 22. Ne6 Nxe6 23. dxe6 Bxe6 24. Bxe6 Qxe6 25. Qe2 exf4 26. Rxf4 Be5 27. Rff1 f4 28. Rf3 Bd4 29. Rd1 Bxe3+ 30. Kf1 Rbc8
31. b3 Qe5 32. Qd3 Rf6 33. Qd5 Qxd5 34. Rxd5 Rc1+ 35. Ke2 Rc2+ 36. Kf1 Rxa2 37. Rd1 Rb2 38. Rd3 Rb1+ 39. Ke2 Re6 40. Rh3 Bc5+
41. Kf3 Rf1+ 42. Kg4 h5+ 43. Kg5 Kg7 44. Rd5 Re5+ 45. Rxe5 dxe5
0-1

[Event "Lumpy Custard Blitz Mayhem #2"]
[Site "SchemingMind.com"]
[Date "2020.07.08"]
[Round "-"]
[White "Raymond de Kemp"]
[Black "John Waterfield"]
[Result "0-1"]
[WhiteCountry "NED"]
[BlackCountry "WLS"]
[WhiteElo "1822"]
[WhiteRD "63"]
[BlackElo "1954"]
[BlackRD "68"]
[GameID "457534"]

1. d4 Nf6 2. Nf3 c5 3. d5 b5 4. Bg5 Qb6 5. Bxf6 Qxf6 6. c3 d6 7. e4 Bd7 8. Nbd2 g6 9. h3 Bg7 10. Rc1 e6
11. dxe6 Qxe6 12. Ng5 Qxa2 13. Qb3 Qxb3 14. Nxb3 a5 15. Be2 O-O 16. O-O Bc6 17. Nd2 Nd7 18. Bd3 h6 19. Ngf3 Rfd8 20. Rfe1 Ne5
21. Be2 Nxf3+ 22. Bxf3 a4 23. Ra1 a3 24. Rxa3 Rxa3 25. bxa3 Bxc3 26. Rd1 Bb2 27. e5 Bxf3 28. Nxf3 d5 29. Rd3 c4
0-1

[Event "Lumpy Custard Blitz Mayhem #2"]
[Site "SchemingMind.com"]
[Date "2020.07.11"]
[Round "-"]
[White "John Waterfield"]
[Black "Raymond de Kemp"]
[Result "1-0"]
[WhiteCountry "WLS"]
[BlackCountry "NED"]
[WhiteElo "1954"]
[WhiteRD "68"]
[BlackElo "1822"]
[BlackRD "63"]
[GameID "457535"]

1. e4 c5 2. Nf3 d6 3. d4 cxd4 4. Nxd4 Nf6 5. Nc3 e5 6. Bb5+ Nbd7 7. Nf5 a6 8. Ba4 b5 9. Bb3 Nc5 10. Bg5 Bb7
11. f3 h6 12. Bxf6 Qxf6 13. Bd5 g6 14. Ne3 Bxd5 15. Qxd5 Rc8 16. b4 Nd7 17. Qb7 Rxc3 18. Nd5 Qh4+ 19. g3 Qd8 20. Nxc3 Nb8
21. Nd5 Bg7 22. Nc7+ Kf8 23. Nxa6 Nxa6 24. Qxa6 Qd7 25. O-O Ke7 26. a4 bxa4 27. Qxa4 Qxa4 28. Rxa4 Rc8 29. Rc1 h5 30. c4 Bh6
31. Rc3 Bd2 32. Rd3
1-0

[Event "Lumpy Custard Blitz Mayhem #2"]
[Site "SchemingMind.com"]
[Date "2020.07.06"]
[Round "-"]
[White "Arnold Jones"]
[Black "John Waterfield"]
[Result "0-1"]
[WhiteCountry "ENG"]
[BlackCountry "WLS"]
[WhiteElo "1677"]
[WhiteRD "66"]
[BlackElo "1948"]
[BlackRD "69"]
[GameID "457536"]

1. e4 c5 2. f4 Nc6 3. Nf3 g6 4. d4 cxd4 5. e5 d6 6. c3 dxe5 7. fxe5 dxc3 8. Qxd8+ Nxd8 9. Bb5+ Nc6 10. Nxc3 Bd7
11. Nd5 O-O-O 12. Bf4 e6 13. Ne3 Bb4+ 14. Ke2 f6 15. Bxc6 Bxc6 16. Rhd1 Rxd1 17. Rxd1 g5 18. Bg3 h6 19. exf6 Nxf6 20. Be5 Bb5+
21. Kf2 Ne4+ 22. Kg1 Rh7 23. Rd4 Bc5 24. Rxe4 Bc6 25. Rc4 Bxe3+ 26. Kf1 Rf7 27. Ke2 Bf4 28. g4 Kd8 29. Rd4+ Ke7 30. a4 Bxf3+
0-1

[Event "Lumpy Custard Blitz Mayhem #2"]
[Site "SchemingMind.com"]
[Date "2020.07.06"]
[Round "-"]
[White "John Waterfield"]
[Black "Arnold Jones"]
[Result "1-0"]
[WhiteCountry "WLS"]
[BlackCountry "ENG"]
[WhiteElo "1948"]
[WhiteRD "69"]
[BlackElo "1677"]
[BlackRD "66"]
[GameID "457537"]

1. e4 c5 2. Nf3 d6 3. Nc3 e5 4. Bc4 Nc6 5. d3 Bg4 6. h3 Bh5 7. g4 Bg6 8. Nd5 h6 9. c3 Na5 10. Bb5+ Nc6
11. Be3 Ne7 12. Nh4 f6 13. Nxe7 Bxe7 14. Nxg6 Rg8 15. Bc4 Rf8 16. Nxf8 Kxf8 17. g5 fxg5 18. Qh5 Qe8 19. Qxe8+ Rxe8 20. O-O-O a6
21. h4 gxh4 22. f4 b5 23. Bd5 Nb8 24. Rdf1 g5 25. fxg5+ Kg7 26. gxh6+ Kh8 27. Rhg1
1-0